Largest Battles in History - Statistics

General Stats
  • This quiz has been taken 75 times
  • The average score is 4 of 9
Answer Stats
When Battle of... Casualties % Correct
1942-43 Stalingrad 1.8 million
94%
1916 Somme 1.2 million
80%
1945 Berlin 1.3 million
74%
1916 Verdun 750,000
68%
1944 Normandy 795,000
46%
1941 Kiev 740,000
37%
1938 Wuhan 540,000
11%
612CE Salsu 300,000
2%
260BCE Changping 750,000
0%
No matching quizzes found
Score Distribution
Percent of People with Each Score
Percentile by Number Answered
Your Score History
You have not taken this quiz